| 000 | 00591 a2200205 4500 | ||
|---|---|---|---|
| 005 | 20240419113149.0 | ||
| 010 | _aB-758652 | ||
| 020 |
_a9780192852256 _c120.00 |
||
| 035 | _aB-758652 | ||
| 037 | _bGift/Unesco | ||
| 082 | _a333.72 | ||
| 100 |
_aStarke, Linda _964914 |
||
| 245 |
_aSigns Of Hope; _bWorking Towards Our Common Future/ _cLinda Starke |
||
| 260 |
_aNew York _bOxford _c1990 |
||
| 270 | _aNew York | ||
| 300 |
_a192p.; _c22cm. (Pbk) |
||
| 500 | _aIndex | ||
| 942 |
_adpl _cEN _2ddc _h333.72 _mLIN |
||
| 999 |
_c202287 _d202287 |
||